书目信息 |
| 题名: |
大闹大名府
|
|
| 作者: | 袁阔成 口述 ;张瑞霖 , 李程 整理 | |
| 分册: | ||
| 出版信息: | 哈尔滨 黑龙江人民出版社 1983 |
|
| 页数: | 154页 | |
| 开本: | 19cm | |
| 丛书名: | 传统长篇丛书 | |
| 单 册: | ||
| 中图分类: | I239.87 | |
| 科图分类: | ||
| 主题词: | 评话--中国--现代 | |
| 电子资源: | ||
| ISBN: | 10093.512 | |
| 000 | 00807oam2 2200277 450 | |
| 001 | 0183015126 | |
| 005 | 20100712220652.0 | |
| 010 | @a10093.512@dCNY0.67 | |
| 091 | @a10093.512 | |
| 100 | @a19980602e19851983em y0chiy0110 ea | |
| 101 | 0 | @achi |
| 102 | @aCN@b230000 | |
| 105 | @af z 000zy | |
| 106 | @ar | |
| 200 | 1 | @a大闹大名府@9Da;Dai Nao Da;Dai Ming Fu @f袁阔成口述@g张瑞霖,李程整理 |
| 210 | @a哈尔滨@c黑龙江人民出版社@d1983@h1985重印 | |
| 215 | @a154页@c插图@d19cm | |
| 225 | 2 | @a传统长篇丛书 |
| 461 | 0 | @12001 @a传统长篇丛书 |
| 606 | 0 | @a评话@y中国@z现代 |
| 690 | @aI239.87@v3 | |
| 701 | 0 | @a袁阔成@9yuan kuo cheng@f(1929~)@4口述 |
| 702 | 0 | @a张瑞霖@9zhang rui lin@4整理 |
| 702 | 0 | @a李程@9li cheng@4整理 |
| 801 | 0 | @aCN@bAzMarc@c20130904 |
| 905 | @aBZT@dI239.87@e11@f1@sI239.87/11 | |
| 大闹大名府/袁阔成口述/张瑞霖,李程整理.-哈尔滨:黑龙江人民出版社,1983(1985重印) |
| 154页:插图;19cm.-(传统长篇丛书) |
| ISBN 10093.512:CNY0.67 |
| ● |
| 相关链接 |
|
|
|
正题名:大闹大名府
索取号:I239.87/11
 
预约/预借
| 序号 | 登录号 | 条形码 | 馆藏地/架位号 | 状态 | 备注 |
| 1 | 2000049077 | 2000049077 | 旧书回溯/ [索取号:I239.87/11] | 在馆 |